SANDSTORM (Record no. 3289)
[ view plain ]
| 000 -LEADER | |
|---|---|
| fixed length control field | 00581nam a22001337a 4500 |
| 020 ## - INTERNATIONAL STANDARD BOOK NUMBER | |
| ISBN | 978-0-06-058067 |
| 082 ## - DEWEY DECIMAL CLASSIFICATION NUMBER | |
| Classification number | 823 |
| Item number | ROL/S |
| 100 ## - MAIN ENTRY--AUTHOR NAME | |
| Personal name | ROLLINS,JAMES |
| 245 ## - TITLE STATEMENT | |
| Title | SANDSTORM |
| 260 ## - PUBLICATION, DISTRIBUTION, ETC. (IMPRINT) | |
| Place of publication | NEW YORK |
| Name of publisher | HARPER |
| 520 ## - SUMMARY, ETC. | |
| Summary, etc | A freak explosion in the British Museum in London ignites a perilous race for an earth-shaking power source buried deep beneath the sands of history. Painter Crowe is an agent for Sigma Force, a covert arm of the Defense Department tasked with keeping dangerous scientific discoveries out of enemy hands. |
| 650 ## - SUBJECT ADDED ENTRY--TOPICAL TERM | |
| Topical Term | ENGLISH NOVEL |
| Geographic subdivision | NEW YORK |
| 942 ## - ADDED ENTRY ELEMENTS (KOHA) | |
| Koha item type | Books |
| Withdrawn status | Lost status | Collection code | Home library | Current library | Shelving location | Date acquired | Source of acquisition | Full call number | Accession Number | Koha item type |
|---|---|---|---|---|---|---|---|---|---|---|
| Fiction | Main Library | Main Library | SHELF 2-J-ENGLISH NOVELS FOR TEACHERS | 03/12/2013 | PURCHASE | 823 ROL/S | 07615 | Books |